000 00283nam a22001217a 4500
008 160420b xxu||||| |||| 00| 0 eng d
020 _a9780323033664
020 _a0323033660
041 _aeng
080 _a618.2
245 _aMaternity nursing;
_cLowdermilk Perry;
942 _2udc
_cBK
999 _c1476
_d1476